Statistics for Tennessee General Knowledge

Click here to take the quiz!

General Stats

  • This quiz has been taken 70 times
  • The average score is 11 of 15

Answer Stats

QuestionAnswer% Correct
Capital city where the above place is.Nashville
100%
City that hosted the 1982 world's fair.Knoxville
96%
Vice President to Bill Clinton from Tennessee.Al Gore
91%
Popular genre of music. Birthed in Tennessee.Country
91%
Popular whiskey brand that started in Lynchburg. Jack Daniels
87%
River that runs through memphis.Mississippi River
87%
Most visited national park in the U.S. Great Smoky Mountains
83%
Famous street in Memphis.Beale Street
78%
The longest continuously running live program in the world.Grand Ole Opry
74%
Prestigious university in Nashville. Vanderbilt
74%
Home of the largest Aquarium.Chattanooga
65%
_____ Top. Best song ever.Rocky
65%
City on the Virginia-Tennessee border.Bristol
52%
Nickname for the AT&T Building in downtown Nashville.Batman Building
48%
Business that started in memphis. _____ Forum.FedEx
30%

Score Distribution

Percentile by Number Answered

Percent of People with Each Score

Your Score History

You have not taken this quiz